1913 1430 1840 1107 1457 1145 1868 1619 1938 1787 1363 1611 1965 1780 1915 1366 1487 1915 1844 1180 1098 1036 1821 1813 1169 1615 1541 1187 1829 1410 1683 1570 1573 1496 1506 1718 1002 1572 1409 1582 1984 1111 1424 1030 1266 1997 1217 1119 1050 1206 1292 1162 1678 1116 1119 1666 1896 1628 1076 1573 1099 1292 1135 1107 1026 1743 1237 1612 1640 1003 1428 1863 1447 1644 1148 1866 1785 1565 1570 1105 1985 1915 1754 1138 1256 1154 1811 1008 1506 1781 1868 1903 1804 1572 1138 1970 1526 1346 1412 BCNSPRNW ULIB Ver.6.0+V

เปลี่ยนเป็นภาษาไทย

Change to English
 แสดงรายละเอียดบรรณานุกรม
  กลับหน้าหลัก

Brief Record : Get Marc (ISO 2709) : E-mail record : QR code < ปิดหน้าต่าง
LEADER : 00000nam 2200000uu 4500
001    13399121887
003     ULIB
008    121213s2549||||th 000 0 tha d
020    ^a9741104626
060 04 ^aWO700^bป467ศ
245 00 ^aศัลยศาสตร์อุบัติเหตุ 14 การดูแลรักษาผู้ป่วยอุบัติเหตุ ณห้องฉุกเฉิน /^cบรรณาธิการ, ปรีชา ศิริทองถาวร, เรวัต ชุณหสุวรรณกุล, อนันต์ ตัณมุขยกุล
246 30 ^aการดูแลรักษาผู้ป่วยอุบัติเหตุ ณ ห้องฉุกเฉิน
250    ^aพิมพ์ครั้งที่ 1
260    ^aกรุงเทพฯ :^bสมาคมแพทย์อุบัติเหตุแห่งประเทศไทย,^c2549
300    ^a177 หน้า :^bภาพประกอบ ;^c21 ซม.
650  7 ^aบาดเจ็บศีรษะ
650  7 ^aผู้ป่วย
650  7 ^aแผลไหม้
650  7 ^aศัลยศาสตร์
650  7 ^aห้องฉุกเฉิน^xโรงพยาบาล
650  7 ^aอุบัติเหตุ
700 0  ^aปรีชา ศิริทองถาวร,^eบรรณาธิการ
700 0  ^aเรวัต ชุณหสุวรรณกุล,^eบรรณาธิการ
700 0  ^aอนันต์ ตัณมุขยกุล,^eบรรณาธิการ
710 2  ^aสมาคมแพทย์อุบัติเหตุแห่งประเทศไทย
945    ^p267^l0^i14320
945    ^p267^l0^i15258
995    ^aทศพร
999    ^aทศพร เกษรทอง
รายการนี้ยังไม่มีแท็ก
คุณยังไม่ได้ล็อกอิน คุณสามารถมีกิจกรรมร่วมกับเว็บไซต์ได้ แต่ต้องล็อกอินก่อน ::
  ล็อกอิน

รายการสื่อสารสนเทศ

ลำดับที่ ประเภท เลขเรียก/บาร์โค้ด สถานที่ สถานะ
1. วิทยาศาสตร์การแพทย์ และสุขภาพ
วิทยาศาสตร์การแพทย์ และสุขภาพ
WO700 ป467ศ  
  Barcode: 14320
ห้องสมุดวิทยาเขตสวรรค์ประชารักษ์
►หนังสือทั่วไป
บนชั้น
2. วิทยาศาสตร์การแพทย์ และสุขภาพ
วิทยาศาสตร์การแพทย์ และสุขภาพ
WO700 ป467ศ ฉ.1 
  Barcode: 15258
ห้องสมุดวิทยาเขตสวรรค์ประชารักษ์
►หนังสือทั่วไป
บนชั้น

รายการใกล้เคียง
    หัวเรื่อง [บาดเจ็บศีรษะ]
    หัวเรื่อง [ผู้ป่วย]
    หัวเรื่อง [แผลไหม้]
    หัวเรื่อง [ศัลยศาสตร์]
    หัวเรื่อง [อุบัติเหตุ]

BibComment


ยังไม่เคยถูกคอมเมนท์

คอมเมนท์ทรัพยากรรายการนี้
  คอมเมนท์: ศัลยศาสตร์อุบัติ..


 Copyright 2026. Bcnsprnw @Library